000 00341 a2200169 4500
001 188485
020 _a85-7302-667-7RI
040 _cMagnum
100 _aFalcão, Adriana
240 1 0 _aA máquina
_lpor
245 1 0 _aA máquina
300 _a109
362 0 _a2005
440 1 _aObjetiva
697 _aLITERATURA GERAL
942 _cBK
999 _c188485
_d188485